000 00725nam a2200205 i 4500
001 134211
003 ES-MaACL
005 20230906194626.0
007 t|
008 070906s1949 pe ||||1| spa d
100 1 _aXammar, Luis Fabio.
_9117489
245 1 0 _aObras completas /
_cLuis Fabio Xammar ; [compilación de José Alfredo Hernández].
260 _aLima :
_bMinisterio de Educación Pública, Dirección de Educación Artística y Extensión Cultural,
_c[1949]
300 _a188 p. ;
_c22 cm.
500 _aRetr. del autor.
505 8 _aContiene: Vol. I. Poesías
700 1 _aHernández, José Alfredo.
_962824
710 1 _aPerú.
_bMinisterio de Educación Pública.
_96214
852 _aES-MaACL
_jE-3526
999 _c134211
_d134211